Countries Without Rivers - Statistics

General Stats
  • This quiz has been taken 316 times
  • The average score is 12 of 18
Answer Stats
Sovereign State % Correct
Qatar
75%
Yemen
72%
Nauru
71%
Oman
71%
Saudi Arabia
71%
Tuvalu
71%
Bahrain
70%
Monaco
70%
Kuwait
67%
United Arab Emirates
65%
Marshall Islands
64%
Kiribati
62%
Tonga
61%
Vatican City
59%
Maldives
58%
Malta
58%
Comoros
55%
Bahamas
45%
No matching quizzes found
Score Distribution
Percent of People with Each Score
Percentile by Number Answered
Your Score History
You have not taken this quiz